ՀՀ Գիտությունների ազգային ակադեմիայի հիմնարար գիտական գրադարան  =   Fundamental Scientific Library of NAS RA

Элементы векторной алгебры (Record no. 513984)

MARC details
000 -LEADER
fixed length control field 00698-am-a2200193-a-4500
001 - CONTROL NUMBER
control field YSU0197444
003 - CONTROL NUMBER IDENTIFIER
control field AM-YEHGA
005 - DATE AND TIME OF LATEST TRANSACTION
control field 20250617163845.0
008 - FIXED-LENGTH DATA ELEMENTS--GENERAL INFORMATION
fixed length control field 010225s1962 xxu 000 0 rus u
020 ## - INTERNATIONAL STANDARD BOOK NUMBER
Terms of availability 00.48
040 ## - CATALOGING SOURCE
Original cataloging agency AM-YeHGA
090 ## - LOCALLY ASSIGNED LC-TYPE CALL NUMBER (OCLC); LOCAL CALL NUMBER (RLIN)
-- 517506
100 10 - MAIN ENTRY--PERSONAL NAME
Personal name Костарева, З.Г.
245 10 - TITLE STATEMENT
Title Элементы векторной алгебры
Remainder of title Аналитическая геометрия в пространстве : Письменные лекции /
Statement of responsibility, etc. З.Г. Костарева
260 0# - PUBLICATION, DISTRIBUTION, ETC.
Place of publication, distribution, etc. Л. :
Name of publisher, distributor, etc. Б. и. ,
Date of publication, distribution, etc. 1962.
300 ## - PHYSICAL DESCRIPTION
Extent 152 с.
650 #4 - SUBJECT ADDED ENTRY--TOPICAL TERM
Topical term or geographic name entry element Алгебра
710 2# - ADDED ENTRY--CORPORATE NAME
Corporate name or jurisdiction name as entry element Северо-Западный заочный политехнический ин-т
Holdings
Withdrawn status Lost status Damaged status Not for loan Collection Home library Current library Date acquired Total checkouts Full call number Barcode Date last seen Price effective from Koha item type Public note
        General Fundamental Scientific Library Fundamental Scientific Library 24/08/2021   РII/59458 FL0656930 24/08/2021 24/08/2021 Գրքեր / Books 30 Days Loan


ՀՀ ԳԱԱ հիմնարար գիտական գրադարան
ՀՀ,Երևան 0019
Մարշալ Բաղրամյան 24/6
հեռախոս:(374-10) 52-47-50
Հետադարձ կապ

All site content, except where otherwise noted, is licensed under a
Creative Commons License